| 000 | 00983nam a22001937a 4500 | ||
|---|---|---|---|
| 008 | 100629t1997 xxu||||| |||| 00| 0 ara d | ||
| 082 |
_222 _bم ط و _a212 |
||
| 100 | 1 |
_915439 _aالمطوع، نسيبة عبد العزيز العلي |
|
| 245 |
_aالأساليب والوسائل التربوية / _bأ- الأساليب التربوية في القرآن والسنة / _cنسيبة عبد العزيز العلي المطوع. |
||
| 250 | _aط 2. | ||
| 260 |
_a[د. ت] : _b[د. ن] ، _c1997. |
||
| 300 |
_a253 ص : _c24 سم . |
||
| 490 |
_915440 _aرؤية لمنهج تربوي اجتماعي ثقافي إسلامي _n؛ 4 |
||
| 541 |
_aألف باء ؛ _cشراء ؛ |
||
| 650 |
_915431 _aالتعليم - البحوث التربوية |
||
| 650 |
_926789 _aالتربية الإسلامية |
||
| 942 |
_2ddc _cBB |
||
| 999 |
_c14287 _d14287 |
||